[Event "IECC CL7-2007.05 email"]
[Site "IECC email"]
[Date "2007.04.06"]
[Round "?"]
[White "Knuth, Ryan Canoe"]
[Black "Maggiora, Aldo"]
[Result "0-1"]
[WhiteElo "1099"]
[BlackElo "1264"]
[PlyCount "46"]
[EventDate "2007.??.??"]
[EventType "tourn (corr)"]
[EventRounds "4"]
[SourceTitle "Corr 2008"]
[Source "ChessBase"]
[SourceDate "2008.06.24"]
[SourceVersion "1"]
[SourceVersionDate "2008.06.24"]
[SourceQuality "1"]
[WhiteTeam "US of America"]
[BlackTeam "Italy"]
[WhiteTeamCountry "USA"]
[BlackTeamCountry "ITA"]

1. c4 e5 2. Nf3 e4 3. d3 exf3 4. Bf4 fxg2 5. Bxg2 d6 6. Qc1 Be7 7. a4 Nf6 8. Ra3 0-0 9. Nc3 c6 10. a5 d5 11. a6 Nxa6 12. Ra4 Nc5 13. Be5 Ng4 14. Bf4 Nxa4 15. Bf3 Nxc3 16. d4 Ne4 17. h3 Bb4+ 18. Kd1 Ngxf2+ 19. Kc2 Bf5 20. Rg1 Nxh3 21. Kd3 Nc5+ 22. Ke3 Qe7+ 23. Be4 Qxe4# 0-1